[Event "SWE-ch"]
[Site "?"]
[Date "1980.??.??"]
[Round "?"]
[White "Runnby, Jan"]
[Black "Ornstein, Axel"]
[Result "0-1"]
[WhiteElo "2200"]
[BlackElo "2450"]

1.d4 Nf6 2.c4 e6 3.Nf3 b6 4.a3 c5 5.d5 Ba6 6.Qc2 exd5 7.cxd5 d6 8.Nc3 g6
9.g3 Bg7 10.Bg2 O-O 11.O-O Re8 12.Re1 b5 13.b4 Nbd7 14.Bb2 Rc8 15.Qb3 Nb6
16.Rad1 Nc4 17.Ba1 Qb6 18.h3 cxb4 19.Qxb4 Nxa3 20.Qxa3 b4 21.Qa4 bxc3 22.Rb1 Rc4
23.Qa3 Bb5 24.Bxc3 Rxc3 25.Qxc3 Ng4 26.Qd2 Qxf2+ 27.Kh1 Ne3 28.Rg1 Bxe2 29.Qe1 Qxg2+
30.Rxg2 Bxf3 31.Kh2 Bxg2 32.Qa5 Bf3 33.Qxa7 Nxd5 34.Rb8 Rxb8 35.Qxb8+ Bf8
36.Qb3 Be4 37.Qc4 Nf6 38.Qd4 Be7 39.g4 d5 40.Qe5 Kf8 41.g5 Ng8 42.Qb8+ Kg7
43.Qe5+ f6 44.gxf6+ Bxf6 45.Qe6 Ne7 46.Qd7 Bf5 47.Qd6 d4 48.Qb4 d3 49.h4 h5
50.Kg2 Bg4  0-1

[Event "SWE-ch"]
[Site "?"]
[Date "1980.??.??"]
[Round "?"]
[White "Renman, Nils Gustaf"]
[Black "Svensson, Bengt"]
[Result "1/2-1/2"]
[WhiteElo "2425"]
[BlackElo "2200"]

1.d4 Nf6 2.Nf3 e6 3.c4 b6 4.a3 Bb7 5.Nc3 d5 6.cxd5 Nxd5 7.e3 Be7 8.Bb5+ c6
9.Bd3 Nd7 10.e4 Nxc3 11.bxc3 c5 12.O-O O-O 13.e5 Rc8 14.Bb2 Qc7 15.Nd2 Rfd8
16.f4 g6 17.Qg4 Kh8 18.Rad1 cxd4 19.cxd4 Nc5 20.Bb1 Na4 21.Ba1 Nc3 22.Bxc3 Qxc3
23.Nf3 Qxa3 24.Ng5 Bxg5 25.fxg5 Kg8 26.h4 Qe3+ 27.Kh2 Rc4 28.Rf4 Rc1 29.Rxc1 Qxc1
30.Ba2 Bd5 31.Bxd5 Rxd5 32.Qf3 Qc7 33.h5 Qe7 34.Qg4 Kf8 35.Rf3 Ke8 36.hxg6 hxg6
37.Rh3 Kd8 38.Qf4 Kc8 39.Qf3 Kb8 40.Rh8+ Rd8 41.Rxd8+ Qxd8 42.Qxf7  1/2-1/2

[Event "Candidats (Women) sf2"]
[Site "Vilnius"]
[Date "1980.??.??"]
[Round "2"]
[White "Alexandria, Nana"]
[Black "Litinskaya, Marta I"]
[Result "1/2-1/2"]
[WhiteElo "2335"]
[BlackElo "2280"]

1.d4 Nf6 2.c4 e6 3.Nf3 b6 4.a3 Ba6 5.e3 c5 6.Nc3 cxd4 7.Nxd4 Bb7 8.Ndb5 d6
9.Be2 a6 10.Bf3 Qd7 11.Nd4 Be7 12.O-O O-O 13.Bd2 Rc8 14.Qe2 Qc7 15.Rfc1 Bxf3
16.Qxf3 Nbd7 17.b3 Nc5 18.Rab1 Rab8 19.Rc2 Qb7 20.Qxb7 Rxb7 21.f3 Ncd7 22.e4 Kf8
23.Ra2 Ne5 24.Kf1 Nfd7 25.Ke2 Bf6 26.Ke3 Nc6 27.Nxc6 Rxc6 28.Ne2 Bg5+ 29.f4 Bf6
30.Bb4 Nc5 31.Rd2 Ke8 32.Nd4 Rc8 33.Nf3 Rc6 34.Nd4 Rc8 35.Nf3 Rc6 36.g4 h6
37.Nd4 Rc8 38.Nf3 Rc6 39.h4 g6 40.g5 Bg7 41.e5 dxe5 42.Nxe5 Bxe5 43.fxe5 h5
44.a4 a5 45.Ba3 Rd7 46.Rxd7 Kxd7 47.Rd1+ Kc8 48.Bxc5 bxc5 49.Ke4 Kb7 50.Kd3 Rc7
51.Kc3 Rc8  1/2-1/2

[Event "Candidats (Women) sf2"]
[Site "Vilnius"]
[Date "1980.??.??"]
[Round "4"]
[White "Alexandria, Nana"]
[Black "Litinskaya, Marta I"]
[Result "1/2-1/2"]
[WhiteElo "2335"]
[BlackElo "2280"]

1.d4 Nf6 2.c4 e6 3.Nf3 b6 4.a3 Ba6 5.e3 d5 6.Nbd2 Be7 7.b4 O-O 8.Bb2 c5 9.dxc5 bxc5
10.b5 Bb7 11.Be2 Nbd7 12.O-O Qc7 13.Qc2 Bd6 14.Bd3 Rfe8 15.Rfd1 d4 16.exd4 cxd4
17.Bxd4 e5 18.c5 Nxc5 19.Bxc5 Qxc5 20.Ne4 Nxe4 21.Bxe4 Qxc2 22.Bxc2 Rad8
23.Bb3 h6 24.Nd2 Bc5 25.a4 Rd3 26.Bc2 Rdd8 27.Bb3 Kf8 28.h3 Bd4 29.Rac1 Rc8
30.Nc4 Red8 31.Na5 Ba8 32.Nc6 Bxc6 33.Rxc6 Rxc6 34.bxc6 Ke7 35.Kf1 Rc8 36.Rc1 Bb6
37.Bd5 f5 38.g4 Kd6 39.Rd1 Bd4 40.Bg2 fxg4 41.hxg4 Rf8 42.Kg1 Kc7 43.Rb1 Bxf2+
44.Kh1 Rb8 45.Rd1 Rd8 46.Rb1 Rb8 47.Rd1 Rd8  1/2-1/2

[Event "Yerevan"]
[Site "Yerevan"]
[Date "1980.??.??"]
[Round "3"]
[White "Lputian, Smbat G"]
[Black "Sunye Neto, Jaime"]
[Result "1-0"]
[WhiteElo "2445"]
[BlackElo "2415"]

1.d4 Nf6 2.c4 e6 3.Nf3 b6 4.a3 Bb7 5.Nc3 d5 6.cxd5 exd5 7.g3 Be7 8.Bg2 O-O
9.O-O Na6 10.Qc2 Ne4 11.Rd1 Nxc3 12.bxc3 Bf6 13.e4 dxe4 14.Nd2 Bg5 15.Nxe4 Bxc1
16.Raxc1 Rb8 17.Qd3 Re8 18.Re1 c6 19.c4 Nc7 20.a4 Ne6 21.Rcd1 c5 22.d5 Nd4
23.Nc3 Qd6 24.Re3 Rbd8 25.Be4 h6 26.Rde1 Bc8 27.Nb5 Nxb5 28.axb5 a5 29.bxa6 Bxa6
30.Qb3 Kf8 31.h4 Rb8 32.Bb1 Rxe3 33.Rxe3 Bc8 34.Qc2 f5 35.Qe2 Bd7 36.Re5 Qf6
37.f4 Ra8 38.Kg2 Ra3 39.Qh5 Kg8 40.Bxf5 Ra2+ 41.Kf3 Bxf5  1-0

[Event "AUT-ch"]
[Site "AUT"]
[Date "1981.??.??"]
[Round "2"]
[White "Duer, Arne"]
[Black "Titz, Heimo"]
[Result "1-0"]
[WhiteElo "2200"]
[BlackElo "2200"]

1.Nf3 Nf6 2.c4 b6 3.d4 e6 4.a3 Bb7 5.Nc3 d5 6.cxd5 Nxd5 7.e3 Be7 8.Bb5+ c6
9.Bd3 Nxc3 10.bxc3 c5 11.O-O O-O 12.Qc2 g6 13.e4 Qc7 14.Qe2 Rd8 15.Rd1 Nc6
16.Be3 Na5 17.Ra2 Rac8 18.a4 c4 19.Bb1 f6 20.Nd2 Bd6 21.Nf1 Re8 22.Qg4 Qe7
23.Ng3 Rc7 24.Bf4 Bxf4 25.Qxf4 Rd7 26.Qg4 f5 27.Qe2 f4 28.Nf1 e5 29.Rad2 Red8
30.dxe5 Rxd2 31.Rxd2 Rxd2 32.Nxd2 Qxe5 33.Nxc4 Qxc3 34.Nxa5 Qxa5 35.Bc2 Qe5
36.h3 Kg7 37.Qd3 Bc6 38.Qa6 Qc7 39.Qc4 Qd6 40.Bb3 Kh6 41.e5 Qxe5 42.Qxc6 Qe1+
43.Kh2 Qxf2 44.Qf3 Qh4 45.Qg4 Qf6 46.Bd5 Qe5 47.Qe6 Qg5 48.Bf3 Qh4 49.Qe5 a6
50.Kh1 b5 51.axb5 axb5 52.Qxb5 Qe1+ 53.Kh2 Qg3+ 54.Kg1 Qe1+ 55.Qf1 Qe3+ 56.Qf2 Qe5
57.Qe2 Qc5+ 58.Kh2 Qg5 59.Qe6 Kg7 60.Bd5 Kh6 61.Kh1 Qh4 62.Qe5 Qg3 63.Qe7 Qd3
64.Bg8 Qa6 65.Qh4+ Kg7 66.Qxh7+ Kf6 67.Qf7+ Kg5 68.Qe7+ Kh6 69.h4  1-0

[Event "Baden-Baden"]
[Site "Baden-Baden"]
[Date "1981.??.??"]
[Round "?"]
[White "Ivkov, Borislav"]
[Black "Borik, Otto"]
[Result "1/2-1/2"]
[WhiteElo "2510"]
[BlackElo "2410"]

1.Nf3 Nf6 2.c4 e6 3.d4 b6 4.a3 c5 5.e3 g6 6.Nc3 Bg7 7.Be2 O-O 8.O-O Bb7 9.d5 exd5
10.cxd5 d6 11.Rb1 Na6 12.e4 Re8 13.Qc2 Nc7 14.Re1 a6 15.a4 Bc8 16.Bd2 Qe7
17.h3 Rb8 18.b4 Bd7 19.Bd3 Nh5 20.bxc5 bxc5 21.Rxb8 Rxb8 22.Rb1 Qd8 23.g4 Rxb1+
24.Qxb1 Qf6 25.Qb8+ Ne8 26.Kg2 Nf4+ 27.Bxf4 Qxf4 28.Ne2 Qf6 29.Bxa6 Bxa4
30.Bb5  1/2-1/2

[Event "Bangalore"]
[Site "Bangalore"]
[Date "1981.??.??"]
[Round "8"]
[White "Ree, Hans"]
[Black "Handoko, Edhi"]
[Result "1/2-1/2"]
[WhiteElo "2510"]
[BlackElo "2405"]

1.d4 Nf6 2.c4 e6 3.Nf3 b6 4.a3 Bb7 5.Nc3 d5 6.cxd5 Nxd5 7.e3 Be7 8.Bb5+ c6
9.Bd3 O-O 10.Qc2 h6 11.Bd2 Nd7 12.O-O c5 13.Nxd5 exd5 14.dxc5 bxc5 15.Rfd1 Nf6
16.Bc3 Qb6 17.b4 Rfc8 18.bxc5 Qxc5 19.Rdc1 Ne4 20.Bxe4 dxe4 21.Nd4 Bf6 22.Qd1 Qd5
23.Bb2 Ba6 24.Qa4 Rxc1+ 25.Rxc1 Qb7 26.Ba1 Bd3 27.h3 Rc8 28.Qd1 g6 29.Rxc8+ Qxc8
30.Qd2 Qb7 31.Bb2 a5 32.Bc3 Qb1+ 33.Kh2 Be5+ 34.g3 a4 35.Nc6 Bd6 36.Bb4 Bxb4
37.Qxb4 Qxb4 38.Nxb4 Kf8 39.Nd5 f5 40.Nb4 Bb5 41.Nd5 Bc6 42.Nc3 Ke7 43.h4 Kd6
44.Nb1  1/2-1/2

[Event "SVK-ch"]
[Site "Bardejov"]
[Date "1981.??.??"]
[Round "11"]
[White "Petran, Peter"]
[Black "Motuz, Karol"]
[Result "1-0"]
[WhiteElo "2300"]
[BlackElo "2085"]

1.d4 Nf6 2.c4 e6 3.Nf3 b6 4.a3 Ba6 5.Qa4 Be7 6.Bf4 O-O 7.Nc3 Nh5 8.Bd2 f5
9.h3 d6 10.g4 fxg4 11.hxg4 Nf4 12.Qc2 Ng6 13.Qe4 Qd7 14.e3 Nc6 15.d5 Nce5
16.Nxe5 dxe5 17.Bd3 Qe8 18.Rh2 Rd8 19.O-O-O c6 20.d6 Rxd6 21.Bc2 Qf7 22.Rdh1 Qf3
23.Rxh7 Qxe4 24.Nxe4 Rdd8 25.Ng5 Bxg5 26.Bxg6 Bh6 27.g5 Rxf2 28.Bc3 Rg2 29.gxh6 Rxg6
30.hxg7 Re8 31.Rh8+ Kf7  1-0

[Event "Biel op"]
[Site "Biel"]
[Date "1981.??.??"]
[Round "?"]
[White "Szmetan, Jorge"]
[Black "Eperjesi, Laszlo"]
[Result "1-0"]
[WhiteElo "2405"]
[BlackElo "2355"]

1.d4 Nf6 2.c4 e6 3.Nf3 b6 4.a3 Bb7 5.Nc3 d5 6.cxd5 exd5 7.g3 Be7 8.Bg2 O-O
9.O-O Ne4 10.Qc2 Na6 11.Rd1 f5 12.Ne5 Bd6 13.Nd3 c6 14.f3 Nxc3 15.bxc3 Qe7
16.f4 Nc7 17.e3 Kh8 18.a4 Rf6 19.c4 dxc4 20.Qxc4 Nd5 21.Ne5 Rd8 22.a5 b5
23.Qb3 a6 24.Bxd5 cxd5 25.Ba3 Bxa3 26.Qxa3 b4 27.Qb3 Rc8 28.Rdc1 Rff8 29.Rxc8 Rxc8
30.Ra2 Qc7 31.Nd3 Bc6 32.Ra1 Bb5 33.Rc1 Qxc1+ 34.Nxc1 Rxc1+ 35.Kf2 Rc4 36.h3 h5
37.g4 hxg4 38.hxg4 g6 39.gxf5 gxf5 40.Qb1 Ba4 41.Qh1+ Kg7 42.Qxd5 Rc2+ 43.Kg3 b3
44.Qb7+ Kg6 45.Qxa6+ Bc6 46.d5 b2 47.Qb6 Kh5 48.dxc6 Rxc6 49.Qxb2  1-0

[Event "Brasilia"]
[Site "Brasilia"]
[Date "1981.??.??"]
[Round "?"]
[White "Browne, Walter S"]
[Black "Filguth, Rubens A"]
[Result "1-0"]
[WhiteElo "2555"]
[BlackElo "2375"]

1.d4 Nf6 2.c4 e6 3.Nf3 b6 4.a3 Ba6 5.e3 c5 6.Nc3 Nc6 7.Qa4 Qc8 8.d5 Ne7 9.e4 Ng6
10.Bd3 Bd6 11.O-O O-O 12.Re1 Ng4 13.Be2 Bb7 14.Bd2 a6 15.Qc2 Qc7 16.h3 Nf6
17.Rad1 h6 18.a4 Rae8 19.Bf1 Nh7 20.Bd3 Nf6 21.b3 e5 22.Ne2 a5 23.Ng3 Kh7
24.Nf5 Rh8 25.Nh2 Bf8 26.g3 d6 27.Bc3 Nd7 28.Rf1 Ne7 29.Ne3 g6 30.f4 f6 31.Be2 Bg7
32.Bg4 Ref8 33.Be6 Bc8 34.h4 Nb8 35.f5 Bxe6 36.fxe6 Qd8 37.Rf2 Qe8 38.Rdf1 Na6
39.h5 g5 40.Qe2 Nc7 41.Nhg4 Ng8 42.Nf5 Qd8 43.e7 Nxe7 44.Nxg7 Kxg7 45.Rxf6 Ne8
46.R6f3 Qc7 47.Qf2 Rxf3 48.Qxf3 Nc8  1-0

[Event "Brighton"]
[Site "Brighton"]
[Date "1981.??.??"]
[Round "5"]
[White "Burger, Karl"]
[Black "Short, Nigel D"]
[Result "1-0"]
[WhiteElo "2420"]
[BlackElo "2440"]

1.d4 Nf6 2.Nf3 e6 3.c4 b6 4.a3 c5 5.d5 Ba6 6.Qc2 exd5 7.cxd5 Bb7 8.e4 Qe7
9.Bd3 Nxd5 10.O-O Nc7 11.Bg5 f6 12.Bh4 Ne6 13.Nc3 Qf7 14.Bg3 Nc6 15.Bc4 Be7
16.Rad1 Na5 17.Ba2 c4 18.Nb5 O-O 19.Rxd7 Qe8 20.Rxb7 Nxb7 21.Qxc4 Kh8 22.Qxe6 Qxb5
23.Qxe7 Nc5 24.Nd4 Qxb2 25.Nf5 Qxa2  1-0

[Event "Brighton"]
[Site "Brighton"]
[Date "1981.??.??"]
[Round "7"]
[White "Burger, Karl"]
[Black "Chandler, Murray G"]
[Result "0-1"]
[WhiteElo "2420"]
[BlackElo "2530"]

1.d4 Nf6 2.Nf3 e6 3.c4 b6 4.a3 c5 5.d5 Ba6 6.Qc2 exd5 7.cxd5 g6 8.Nc3 Bg7
9.g3 O-O 10.Bg2 d6 11.O-O Nbd7 12.a4 Ng4 13.h3 Nge5 14.Nd2 f5 15.b3 Qe7 16.Bb2 f4
17.gxf4 Rxf4 18.Nb5 Raf8 19.Ne4 g5 20.Nc7 g4 21.h4 Bxe2 22.Qxe2 Nf3+ 23.Bxf3 gxf3
24.Nf6+ Bxf6 25.Qxe7 Bxe7 26.Ne6 Rg4+ 27.Kh2 Rxh4+ 28.Kg3 Rf5 29.Rad1 h5
30.Rd3 Rg4+ 31.Kh3 Bf6 32.Bc1 Ne5 33.Rc3 Ng6 34.Rc4 Rxd5 35.Rxg4 hxg4+ 36.Kxg4 Kf7
37.Nf4 Rd4 38.Kxf3 Rb4 39.Nd5 Rxb3+ 40.Ke4 Rh3 41.f4 Ne7 42.Nc7 Rc3  0-1

[Event "Elekes mem-B"]
[Site "Budapest"]
[Date "1981.??.??"]
[Round "?"]
[White "Szmetan, Ricardo"]
[Black "Blaeser, P."]
[Result "1-0"]
[WhiteElo "2380"]
[BlackElo "2200"]

1.d4 Nf6 2.c4 e6 3.Nf3 b6 4.a3 Bb7 5.Nc3 d5 6.cxd5 exd5 7.g3 Be7 8.Bg2 O-O
9.O-O Nbd7 10.Bf4 Ne4 11.Ne5 Nxc3 12.bxc3 Nxe5 13.Bxe5 Ba6 14.Re1 f5 15.Qa4 Bc4
16.Qc6 Rc8 17.e4 fxe4 18.Bxe4 Kh8 19.Qh6  1-0

[Event "HUN-ch"]
[Site "Budapest"]
[Date "1981.??.??"]
[Round "?"]
[White "Lukacs, Peter"]
[Black "Csom, Istvan"]
[Result "1/2-1/2"]
[WhiteElo "2465"]
[BlackElo "2500"]

1.d4 Nf6 2.c4 e6 3.Nf3 b6 4.a3 c5 5.e3 Bb7 6.Nc3 d6 7.Bd3 Nbd7 8.O-O Be7
9.b4 h6 10.Rb1 O-O 11.Bb2 Re8 12.Nd2 Rc8 13.Qe2 Bf8 14.dxc5 bxc5 15.Nce4 Nxe4
16.Nxe4 cxb4 17.axb4  1/2-1/2

[Event "Elekes mem-A"]
[Site "Budapest"]
[Date "1981.??.??"]
[Round "?"]
[White "Szilagyi, Peter"]
[Black "Henttinen, Markku IO"]
[Result "1-0"]
[WhiteElo "2360"]
[BlackElo "2290"]

1.d4 Nf6 2.c4 e6 3.Nf3 b6 4.a3 Bb7 5.Nc3 d5 6.cxd5 exd5 7.g3 Be7 8.Bg2 O-O
9.O-O Na6 10.b4 c5 11.bxc5 bxc5 12.Rb1 cxd4 13.Nxd4 Qc8 14.Bg5 Qxc3 15.Rxb7 Bd8
16.Bxf6 Bxf6 17.Nb5 Qc5 18.Qxd5 Rab8 19.Qxc5 Nxc5 20.Rxb8 Rxb8 21.Nxa7 Bb2
22.Bd5 Bxa3 23.Nc6 Rb6 24.Ra1 Ra6 25.Ne5 Bb2 26.Rxa6 Nxa6 27.Nxf7 Kf8 28.h4 h6
29.h5 Ke7 30.Kg2 Nc7 31.Bc4 Ne8 32.Nh8 g5 33.Ng6+ Kf6 34.Kh3 Bd4 35.f4 Ng7
36.Kg4 Nf5 37.Bd3 Ne3+ 38.Kf3 g4+ 39.Ke4 Ba7 40.Ne5 Ke6 41.Ba6 Nf1 42.Bc8+ Kd6
43.Bxg4  1-0

[Event "Budva zt"]
[Site "Budva"]
[Date "1981.??.??"]
[Round "5"]
[White "Skembris, Spyridon"]
[Black "Guimaraes, Jorge"]
[Result "1-0"]
[WhiteElo "2415"]
[BlackElo "2260"]

1.d4 Nf6 2.c4 e6 3.Nf3 b6 4.a3 Bb7 5.Nc3 d5 6.cxd5 exd5 7.g3 Be7 8.Bg2 O-O
9.O-O Re8 10.Bf4 Bd6 11.Bxd6 Qxd6 12.Rc1 c5 13.dxc5 bxc5 14.b4 Nbd7 15.e4 Nxe4
16.Nxe4 Rxe4 17.Ng5 Ree8 18.bxc5 Qg6 19.h4 h6 20.c6 Bxc6 21.Rxc6 Qxc6 22.Bxd5 Qc7
23.Bxf7+ Kh8 24.Ne6 Rxe6 25.Bxe6 Ne5 26.Qe2 Rf8 27.Bd5 Qc3 28.Kg2 a5 29.Rd1 Rb8
30.Be4 Rf8 31.a4 Nc4 32.Rd3 Qe5 33.Rd5 Qc7 34.Bd3 Nd6 35.Qe6 Rf6 36.Qe5 Qb6
37.f4 Qc6 38.Kh2 Qb6 39.Rc5 Rf8 40.Rc2  1-0

[Event "Budva zt"]
[Site "Budva"]
[Date "1981.??.??"]
[Round "12"]
[White "Cebalo, Miso"]
[Black "Toth, Bela"]
[Result "1-0"]
[WhiteElo "2500"]
[BlackElo "2400"]

1.d4 Nf6 2.c4 e6 3.Nf3 b6 4.a3 Bb7 5.Nc3 d5 6.cxd5 Nxd5 7.e3 Be7 8.Bb5+ c6
9.Bd3 Nxc3 10.bxc3 c5 11.O-O O-O 12.Qc2 g6 13.e4 Qc7 14.Qe2 Rd8 15.h4 Nc6
16.Be3 e5 17.d5 Na5 18.h5 c4 19.Bc2 Bc8 20.Nd2 g5 21.Rfd1 h6 22.Nf1 Bc5 23.Bxc5 Qxc5
24.Ne3 Rd6 25.g3 f6 26.Rdb1 Bd7 27.Rb4 b5 28.a4 a6 29.axb5 axb5 30.Bd1 Rda6
31.Qb2 Qc8 32.Rxb5 Bxb5 33.Qxb5 Rb8 34.Bg4 Rxb5 35.Bxc8 Rab6 36.Kg2 Rc5 37.Be6+ Kf8
38.Nf5 Rb3 39.Nxh6 Rxc3 40.Nf5 Rb3 41.d6 Rb7 42.d7 Rxd7 43.Bxd7 c3 44.Be6 c2
45.h6 Rc7 46.Rxa5  1-0

[Event "Budva zt"]
[Site "Budva"]
[Date "1981.??.??"]
[Round "16"]
[White "Rukavina, Josip"]
[Black "Skembris, Spyridon"]
[Result "1-0"]
[WhiteElo "2460"]
[BlackElo "2415"]

1.Nf3 b6 2.d4 Nf6 3.c4 e6 4.a3 c5 5.d5 Ba6 6.Qc2 exd5 7.cxd5 Bb7 8.e4 Qe7
9.Bd3 Nxd5 10.O-O Nc7 11.Nc3 Qd8 12.Nd5 Nc6 13.Bg5 Be7 14.Nxe7 Nxe7 15.Rad1 h6
16.Bh4 O-O 17.Bc4 Qe8 18.Bg3 Qc8 19.Bd6 Re8 20.Ne5 Ne6 21.f4 Nc6 22.f5 Ned8
23.Nxf7 Nxf7 24.Bxf7+ Kxf7 25.Qb3+ Kf6 26.Qg3 g5 27.fxg6+ Kg7 28.Rf7+ Kg8
29.Qf4  1-0

[Event "Caorle op"]
[Site "Caorle"]
[Date "1981.??.??"]
[Round "1"]
[White "Bruno, Fabio"]
[Black "Marjanovic, Slavko"]
[Result "1-0"]
[WhiteElo "2265"]
[BlackElo "2000"]

1.Nf3 Nf6 2.c4 b6 3.d4 e6 4.a3 Ba6 5.Qa4 Be7 6.Nc3 O-O 7.d5 exd5 8.cxd5 Re8
9.e4 Bxf1 10.Kxf1 c6 11.dxc6 dxc6 12.g3 Qc8 13.Kg2 Nbd7 14.Nd4 c5 15.Nf5 Qb7
16.f3 a6 17.Bf4 b5 18.Qd1 Nb6 19.Qe2 Bf8 20.Bg5 Qc6 21.Ne3 Nfd7 22.Rhd1 h6
23.Bf4 g5 24.Kh1 Rad8 25.Nf5 gxf4 26.gxf4 Qf6 27.Rg1+ Kh7 28.Qg2 Qh8 29.e5 Re6
30.Qc2 Rg6 31.e6 Qf6 32.exf7 Kh8 33.Nh4 Rg7 34.Rxg7 Bxg7 35.Ng6+ Kh7 36.Nf8+  1-0

[Event "Caorle op"]
[Site "Caorle"]
[Date "1981.??.??"]
[Round "2"]
[White "Vallifuoco, Giovanni"]
[Black "Rossato, Gino"]
[Result "1-0"]
[WhiteElo "2080"]
[BlackElo "1900"]

1.d4 Nf6 2.c4 e6 3.Nf3 b6 4.a3 Bb7 5.Nc3 d5 6.cxd5 exd5 7.Bg5 Be7 8.e3 Nbd7
9.Bd3 Ne4 10.Bf4 Bd6 11.Bxd6 cxd6 12.Ne2 O-O 13.O-O Rc8 14.Nf4 Ndf6 15.Rc1 Qd7
16.Nd2 Rxc1 17.Qxc1 Rc8 18.Qd1 Bc6 19.f3 Nxd2 20.Qxd2 Bb5 21.Rc1 Bxd3 22.Nxd3 Kf8
23.Rc3 Rxc3 24.Qxc3 Ke8 25.Nb4 Kf8 26.Nd3 g6 27.Nb4 Kg7 28.Kf2 Qf5 29.Ke2 Qh5  1-0

[Event "Caorle op"]
[Site "Caorle"]
[Date "1981.??.??"]
[Round "2"]
[White "Polajzer, Danilo"]
[Black "Paniagua, Roberto"]
[Result "1/2-1/2"]
[WhiteElo "2315"]
[BlackElo "2250"]

1.d4 Nf6 2.c4 e6 3.Nf3 b6 4.a3 Bb7 5.Nc3 d5 6.cxd5 exd5 7.Bg5 Be7 8.Bxf6 Bxf6
9.g3 O-O 10.Bg2 Qe7 11.O-O Rd8 12.Rc1 Na6 13.b4 c5 14.bxc5 bxc5 15.Qa4 cxd4
16.Nxd4 Nc5 17.Nf5 Nxa4 18.Nxe7+ Bxe7 19.Nxa4 Rac8 20.Rxc8 Bxc8 21.Nc3 Bd6  1/2-1/2

[Event "Caorle op"]
[Site "Caorle"]
[Date "1981.??.??"]
[Round "4"]
[White "Polajzer, Danilo"]
[Black "Magrin, Antonio"]
[Result "1-0"]
[WhiteElo "2315"]
[BlackElo "2070"]

1.d4 Nf6 2.c4 e6 3.Nf3 b6 4.a3 Bb7 5.Nc3 Be7 6.d5 O-O 7.e4 d6 8.Nd4 e5 9.Nf5 Bc8
10.g4 Bxf5 11.exf5 Nbd7 12.g5 Ne8 13.Rg1 f6 14.g6 hxg6 15.Rxg6 Rf7 16.Qh5 e4
17.Nxe4 Bf8 18.Be3 Re7 19.Nd2 Nc5 20.O-O-O Qd7 21.Be2 Re5 22.Bxc5 dxc5 23.Bd3 Nd6
24.Rdg1 Qe8 25.Nf3 Re2 26.Ng5 Re1+ 27.Kd2 fxg5 28.Rxe1 Qf7 29.f6  1-0

[Event "Caorle op"]
[Site "Caorle"]
[Date "1981.??.??"]
[Round "7"]
[White "Vallifuoco, Giovanni"]
[Black "Paniagua, Roberto"]
[Result "1/2-1/2"]
[WhiteElo "2080"]
[BlackElo "2260"]

1.d4 Nf6 2.c4 e6 3.Nf3 b6 4.a3 Bb7 5.Nc3 d5 6.cxd5 exd5 7.g3 Be7 8.Bg2 O-O
9.O-O Ne4 10.Bf4 Na6 11.Rc1 c5 12.dxc5 Nxc3 13.Rxc3 bxc5 14.Qa4 Bf6 15.Rb3 Qc8
16.Ne5 Bxe5 17.Bxe5 c4 18.Re3 Nc5 19.Qc2 Bc6 20.Bd6 d4 21.Bxc6 Qxc6 22.Bxf8 dxe3
23.Bxc5 Qxc5 24.Qe4 exf2+ 25.Rxf2 Rd8 26.Kg2 g6 27.Rf6 Qd5 28.Qxd5 Rxd5 29.Rc6 Rd2
30.Kf2 Rxb2 31.Rxc4 Rb6 32.Ra4 a6 33.Kf3 f5 34.Rc4 Kf7 35.h4 Ke6 36.Rc7  1/2-1/2

[Event "Caorle op"]
[Site "Caorle"]
[Date "1981.??.??"]
[Round "8"]
[White "Paniagua, Roberto"]
[Black "Mammola, Dino"]
[Result "1-0"]
[WhiteElo "2250"]
[BlackElo "2030"]

1.d4 Nf6 2.Nf3 b6 3.c4 e6 4.a3 Bb7 5.Nc3 Be7 6.d5 d6 7.e4 e5 8.Be2 a5 9.Nd2 Nbd7
10.Rb1 O-O 11.b4 Ne8 12.Nb3 axb4 13.axb4 Bg5 14.Bb2 f5 15.Nd2 Bxd2+ 16.Qxd2 f4
17.Qc1 Qg5 18.Bf3 Ndf6 19.Qd1 Bc8 20.h3 Qh4 21.Qe2 g6 22.Bc1 Ng7 23.Kd1 g5
24.Qe1 Qh6 25.Kc2 Qg6 26.Bd2 h5 27.Be2 b5 28.cxb5 Bd7 29.Bd3 g4 30.f3 g3
31.Ra1 Qe8 32.Ra5 Qc8 33.Qa1 Qb7 34.Ra6 Rfb8 35.Qa5 Nfe8 36.Ra1 Rxa6 37.Qxa6 Qb6
38.Qxb6 Rxb6 39.Ra8 Kf7 40.Bf1 Rb7 41.Kb3 h4 42.Ka4 Nh5 43.Ka5 Bc8 44.Na4 Nhf6
45.b6 cxb6+ 46.Nxb6 Bd7 47.Nxd7 Nxd7 48.Bb5 Rxb5+ 49.Kxb5 Nc7+ 50.Kc6 Nxa8
51.Kxd7 Nb6+ 52.Kc6 Nc4 53.b5 Nxd2 54.b6 Nc4 55.b7 Na5+ 56.Kc7 Nxb7 57.Kxb7 Ke7
58.Kc7  1-0

[Event "Caorle op"]
[Site "Caorle"]
[Date "1981.??.??"]
[Round "9"]
[White "Rossato, Gino"]
[Black "Ubezio, Marco"]
[Result "0-1"]
[WhiteElo "1900"]
[BlackElo "2015"]

1.d4 Nf6 2.c4 e6 3.Nf3 b6 4.a3 c5 5.e3 Bb7 6.Nc3 cxd4 7.Qxd4 Nc6 8.Qd3 Be7
9.e4 O-O 10.Be2 Rc8 11.b3 Na5 12.Nd2 d5 13.cxd5 exd5 14.e5 Ne4 15.Ncxe4 dxe4
16.Qxd8 Rfxd8 17.O-O Rc2 18.Re1 Rdxd2 19.Bxd2 Nxb3 20.Bd1 Nxa1 21.Bxc2 Nxc2
22.Rc1 e3 23.fxe3 Be4 24.a4 Bc5 25.Kf2 Kf8 26.Kg3 Ke7 27.Kf4 Bd3 28.h4 Ke6
29.g4 a5 30.e4 Bd4 31.Kf3 Kxe5 32.Bf4+ Ke6 33.Rd1 Bc4 34.Bc7 Bb3 35.Rb1 Kd7
36.Rxb3 Kxc7 37.Ke2 Nb4 38.Rf3 f6 39.g5 Na6 40.Kd3 Be5 41.gxf6 Bxf6 42.Kc4 Kc6
43.Rf5 Nc5 44.e5 Bxh4 45.Rf7 Ne6 46.Rf3 Bg5 47.Rd3 Be7 48.Rh3 h6 49.Rg3 Bc5
50.Rg6 Kd7 51.Rg2 g5 52.Rh2 g4 53.Rxh6 g3  0-1

[Event "Politiken Cup"]
[Site "Copenhagen"]
[Date "1981.??.??"]
[Round "3"]
[White "Brinck Claussen, Bjorn"]
[Black "Budde, Vladimir"]
[Result "1/2-1/2"]
[WhiteElo "2375"]
[BlackElo "2285"]

1.d4 Nf6 2.c4 e6 3.Nf3 b6 4.a3 Ba6 5.e3 d5 6.Nbd2 Be7 7.Bd3 O-O 8.b3 c5 9.Bb2 dxc4
10.bxc4 Nc6 11.Qc2 cxd4 12.exd4 Rc8 13.Bc3 Qc7 14.O-O Rfd8 15.Rfe1 g6 16.Rad1 Bb7
17.Qb2 Ne8 18.Ne4 Na5 19.Bxa5 bxa5 20.Ne5 Qb6 21.Qc1 Qxd4 22.Qf4 f5 23.Nf3 Qg7
24.Neg5 Bd6 25.Qe3 Nc7 26.Nxe6 Nxe6 27.Qxe6+ Qf7 28.Ng5 Qxe6 29.Nxe6 Re8
30.c5 Bxc5 31.Bb5 Bc6 32.Bc4 Bxa3 33.Nc7+ Kf8 34.Nxe8 Bxe8 35.Ba6 Rb8 36.h4 Bc5
37.Rd5 Bb4 38.Red1 Rb6 39.Bc4 Bc6 40.Rd8+ Kg7 41.Rc8 Ba4 42.Rc7+ Kf6 43.f4 Be8
44.Rd8 Rc6 45.Rxc6+ Bxc6 46.Rc8 Ba4 47.Rc7 Be7 48.Kh2 a6 49.Bg8 Bb5 50.g3 h6
51.Rb7 a4 52.Ba2 a3 53.Rb6+ Kg7 54.Rb7  1/2-1/2

[Event "Czestochowa"]
[Site "Czestochowa"]
[Date "1981.??.??"]
[Round "10"]
[White "Kubik, Jan"]
[Black "Gizynski, Tomasz"]
[Result "1/2-1/2"]
[WhiteElo "2290"]
[BlackElo "2235"]

1.d4 Nf6 2.c4 e6 3.Nf3 b6 4.a3 Bb7 5.Nc3 d5 6.cxd5 exd5 7.g3 Be7 8.Bg2 O-O
9.O-O c5 10.Bf4 Na6 11.Ne5 Re8 12.Rc1 h6 13.Nd3 Nc7 14.dxc5 bxc5 15.Qb3 Rb8
16.Nb5 Nxb5 17.Qxb5 a6 18.Qa4 Rc8 19.Be3 c4 20.Ne5 Ba8 21.Rfd1 Bd6 22.Nf3 Ng4
23.Bd4 Rxe2 24.Qxa6 h5 25.h3 Nh6 26.b3 Ra2 27.bxc4 Rxa3 28.Qb6 Qxb6 29.Bxb6 dxc4
30.Rxd6 Bxf3 31.Bxf3 Rxf3 32.Rd8+ Rxd8 33.Bxd8 Rd3 34.Ba5 Ra3 35.Bb4 Ra4
36.Rxc4 Kh7 37.Rd4 Nf5 38.Rf4 g6 39.Kg2 Ra2 40.Bc5 Rc2 41.Ba7 Rc7 42.Be3 Nxe3+
43.fxe3 Kg7 44.g4 h4 45.g5 Rc2+ 46.Kf3 Rc1 47.e4 Rc3+ 48.Kg4 Rg3+ 49.Kxh4 Rg1
50.Rg4 Re1 51.Kg3 Rg1+ 52.Kf4 Ra1 53.h4 Rc1 54.Rg2 Rh1 55.Kg3 Kf8 56.Kg4 Rb1
57.Kf3 Rf1+ 58.Kg4 Rh1 59.Kg3 Re1 60.Kf3 Rf1+  1/2-1/2

[Event "Esbjerg-B"]
[Site "Esbjerg"]
[Date "1981.??.??"]
[Round "10"]
[White "Brinck Claussen, Bjorn"]
[Black "Fries Nielsen, Jens Ove"]
[Result "0-1"]
[WhiteElo "2375"]
[BlackElo "2375"]

1.d4 Nf6 2.c4 e6 3.Nf3 b6 4.a3 c5 5.d5 Ba6 6.b3 exd5 7.cxd5 d6 8.g3 g6 9.Bg2 Bg7
10.Ra2 O-O 11.O-O Re8 12.Re1 Nbd7 13.Nfd2 Ne5 14.Nc3 Qe7 15.Nf3 Nfg4 16.Nxe5 Qxe5
17.Ne4 Qf5 18.f3 Rxe4 19.fxe4 Qf2+ 20.Kh1 Bd4 21.Rf1 Qg1+  0-1

[Event "URS-ch49"]
[Site "Frunze"]
[Date "1981.??.??"]
[Round "?"]
[White "Dorfman, Josif D"]
[Black "Romanishin, Oleg M"]
[Result "1-0"]
[WhiteElo "2505"]
[BlackElo "2590"]

1.Nf3 Nf6 2.c4 e6 3.d4 b6 4.a3 Bb7 5.Nc3 d5 6.cxd5 exd5 7.g3 Be7 8.Qa4+ c6
9.Bg2 O-O 10.O-O c5 11.Rd1 Na6 12.Bg5 Nc7 13.dxc5 bxc5 14.Ne5 Qd6 15.Nc4 Qa6
16.Na5 Rfd8 17.Nxb7 Qxb7 18.Rd2 Qb6 19.Qc2 d4 20.Na4 Qa5 21.Bxf6 gxf6 22.Rad1 Ne6
23.Qc4 Rd6 24.Be4 Rb8 25.Bd3 Rdd8 26.h4 Qc7 27.Qc2 h6 28.Bc4 Kg7 29.Bxe6 fxe6
30.Rxd4 Rxd4 31.Rxd4 f5 32.b4 Qe5 33.Nxc5  1-0

[Event "Gausdal Int"]
[Site "Gausdal"]
[Date "1981.??.??"]
[Round "7"]
[White "Schussler, Harry"]
[Black "Bellin, Jana"]
[Result "1-0"]
[WhiteElo "2495"]
[BlackElo "2215"]

1.d4 Nf6 2.Nf3 b6 3.c4 e6 4.a3 c5 5.d5 Ba6 6.Qc2 exd5 7.cxd5 g6 8.e4 Bxf1
9.Kxf1 d6 10.Nc3 Bg7 11.Qa4+ Qd7 12.Qxd7+ Nbxd7 13.Bf4 Ke7 14.h3 Ne8 15.g3 Ne5
16.Nxe5 dxe5 17.Bg5+ f6 18.Be3 Nd6 19.Ke2 Rhc8 20.a4 a6 21.b3 Kd7 22.f3 Nb7
23.Nb1 Na5 24.Nd2 b5 25.Rhc1 Bf8 26.axb5 axb5 27.b4 Nc4 28.Nxc4 Rxa1 29.Nb6+ Kc7
30.Rxa1 Kxb6 31.bxc5+ Bxc5 32.Rc1  1-0

[Event "EU-ch U20"]
[Site "Groningen"]
[Date "1981.??.??"]
[Round "9"]
[White "Greenfeld, Alon"]
[Black "Sokolov, Andrei"]
[Result "1-0"]
[WhiteElo "2295"]
[BlackElo "2375"]

1.d4 Nf6 2.Nf3 e6 3.c4 b6 4.a3 Ba6 5.Qc2 d5 6.cxd5 exd5 7.Nc3 c6 8.Bg5 Be7
9.g3 O-O 10.Bxf6 Bxf6 11.Bg2 Re8 12.O-O Nd7 13.Rfe1 Bb7 14.e4 dxe4 15.Nxe4 Be7
16.Rad1 Nf8 17.Ne5 Qc8 18.Rc1 c5 19.dxc5 Bxc5 20.Nxf7 Qf5 21.Nfg5 h6 22.Qb3+ Kh8
23.Nf7+ Kh7 24.Nfd6 Bxd6 25.Nxd6 Rxe1+ 26.Rxe1 Qa5 27.Qd3+ Kg8 28.b4  1-0